Quality concerns in professional education / (Record no. 31397)

MARC details
000 -LEADER
fixed length control field 01574cam a22003255a 4500
005 - DATE AND TIME OF LATEST TRANSACTION
control field 20091103014612.0
008 - FIXED-LENGTH DATA ELEMENTS--GENERAL INFORMATION
fixed length control field 090911s2009 ii ab b 100 0 eng d
010 ## - LCCN (DPL NO)
LC control number ENG-95336 B-431078
020 ## - INTERNATIONAL STANDARD BOOK NUMBER
International Standard Book Number 9788131307120
Terms of availability 695.00
035 ## - SYSTEM CONTROL NUMBER
System control number EN-78869 B-431078
037 ## - SOURCE OF ACQUISITION
Source of stock number/acquisition DBAD/PUB
037 ## - SOURCE OF ACQUISITION
Source of stock number/acquisition Allied Pub/Ven
040 ## - CATALOGING SOURCE
Original cataloging agency DPL
Language of cataloging eng
082 ## - DEWEY DECIMAL CLASSIFICATION NUMBER
Classification number 378.0130954
100 ## - MAIN ENTRY--PERSONAL NAME
Personal name Saxena, Jyotsna
9 (RLIN) 28470
245 ## - TITLE STATEMENT
Title Quality concerns in professional education /
Statement of responsibility, etc by Jyotsna Saxena, Shireesh pal Singh
260 ## - PUBLICATION, DISTRIBUTION, ETC. (IMPRINT)
Place of publication, distribution, etc New Delhi :
Name of publisher, distributor, etc APH Publishing Corporation
Date of publication, distribution, etc 2010
270 ## - ADDRESS
Address 4435-36/7. Ansari road, Darya Ganj
City New Delhi
Postal code 110002
300 ## - PHYSICAL DESCRIPTION
Extent xii, 205p.
Dimensions 22 cm. (Hb)
500 ## - GENERAL NOTE
General note Includes Index
520 ## - SUMMARY, ETC.
Summary, etc Contributed articles.
610 ## - SUBJECT ADDED ENTRY--CORPORATE NAME
Corporate name or jurisdiction name as entry element College of Fort St. George (Madras, India)
9 (RLIN) 28471
651 ## - SUBJECT ADDED ENTRY--GEOGRAPHIC NAME
Geographic name Madras (India)
General subdivision Intellectual life
Chronological subdivision 19th century.
9 (RLIN) 28472
700 ## - ADDED ENTRY--PERSONAL NAME
Personal name Singh, Shireesh Pal
9 (RLIN) 28473
942 ## - ADDED ENTRY ELEMENTS (KOHA)
Source of classification or shelving scheme Dewey Decimal Classification
Item type English Books
Call number suffix SAX
Classification part 378.0130954
Holdings
Withdrawn status Lost status Source of classification or shelving scheme Damaged status Not for loan Collection code Home library Current library Date acquired Source of acquisition Cost, normal purchase price Total Checkouts Full call number Barcode Date last seen Copy number Cost, replacement price Koha item type
    Dewey Decimal Classification     Non-fiction Central Library Central Library 07/06/2011 Allied Pub/2961/29.3.11/85/24.3.11/31.3.11 695.00   378.0130954 SAX B-431078 07/06/2011 1 695.00 English Books
    Dewey Decimal Classification   Not For Loan Non-fiction D.B.Act.Division D.B.Act.Division 05/11/2009 DBAD / PUB 695.00   378.0130954 SAX EN-78869 05/11/2009 1 695.00 English Books

© Delhi Public Library
Hit Counter
free hit counter